[Event "BRA jub30-B corr"]
[Site "Brazil"]
[Date "1998.11.16"]
[Round "?"]
[White "Goncalves, Jose Antonio Silvei"]
[Black "De Amorim Neto, Jose Joaquim"]
[Result "1/2-1/2"]
[WhiteElo "2531"]
[BlackElo "2403"]
[PlyCount "68"]
[EventDate "1998.12.31"]
[EventType "tourn (corr)"]
[EventRounds "14"]
[EventCountry "BRA"]
[EventCategory "7"]
[SourceTitle "Corr 2002"]
[Source "ChessBase"]
[SourceDate "2002.05.23"]
[SourceVersion "1"]
[SourceVersionDate "2002.05.23"]
[SourceQuality "1"]

1. d4 Nf6 2. c4 g6 3. Nc3 Bg7 4. e4 d6 5. Be2 0-0 6. Nf3 e5 7. Be3 exd4 8. Nxd4 Re8 9. f3 c6 10. Qd2 d5 11. exd5 cxd5 12. 0-0 Nc6 13. c5 Bd7 14. Bf2 a6 15. Rad1 Qe7 16. Nb3 Rad8 17. Rfe1 Qf8 18. Nd4 Bh6 19. f4 Ne4 20. Nxe4 dxe4 21. Qc1 Qe7 22. Be3 Bg7 23. Nxc6 Bxc6 24. Bc4 Kf8 25. b3 Qf6 26. Rxd8 Rxd8 27. Rd1 Rxd1+ 28. Qxd1 Qa1 29. Qxa1 Bxa1 30. g4 Ke7 31. Kf2 Bb5 32. Bd5 Bc6 33. Bc4 f5 34. g5 Bg7 1/2-1/2

[Event "BRA jub30-B corr"]
[Site "Brazil"]
[Date "1998.11.16"]
[Round "?"]
[White "Ruch, Eric"]
[Black "De Amorim Neto, Jose Joaquim"]
[Result "1-0"]
[WhiteElo "2432"]
[BlackElo "2403"]
[PlyCount "117"]
[EventDate "1998.12.31"]
[EventType "tourn (corr)"]
[EventRounds "14"]
[EventCountry "BRA"]
[EventCategory "7"]
[SourceTitle "Corr 2002"]
[Source "ChessBase"]
[SourceDate "2002.05.23"]
[SourceVersion "1"]
[SourceVersionDate "2002.05.23"]
[SourceQuality "1"]

1. e4 e5 2. Nf3 Nc6 3. Bb5 a6 4. Ba4 Nf6 5. 0-0 Be7 6. Re1 b5 7. Bb3 d6 8. c3 0-0 9. h3 Nb8 10. d4 Nbd7 11. Nbd2 Bb7 12. Bc2 c5 13. Nf1 Re8 14. Ng3 Bf8 15. d5 g6 16. Bg5 h6 17. Be3 Nb6 18. b3 Bg7 19. Qd2 h5 20. a3 Rc8 21. Rab1 Qc7 22. Red1 Rcd8 23. c4 bxc4 24. b4 c3 25. Qe1 Nc4 26. Qxc3 Nxe3 27. Qxe3 cxb4 28. Ba4 Re7 29. Rxb4 Nd7 30. Bxd7 Rdxd7 31. Rdb1 Qd8 32. Nd2 Bc8 33. Nc4 Rb7 34. Qg5 Rxb4 35. Rxb4 Kh7 36. Rb6 f6 37. Qe3 Rd7 38. Nf1 Bf8 39. Na5 Rf7 40. Nc6 Qc7 41. Rb4 f5 42. Rc4 Qd7 43. exf5 Rxf5 44. Ng3 Rf7 45. Ne4 Kg8 46. Qg5 Qf5 47. Nd8 Qxg5 48. Nxg5 Rf5 49. Rxc8 Rxg5 50. Ne6 Rf5 51. Ra8 e4 52. h4 a5 53. a4 Rf7 54. Kf1 Rf5 55. Ke2 Rf7 56. Ke3 Rf5 57. Rxf8+ Rxf8 58. Nxf8 Kxf8 59. Kxe4 1-0